[Event "XXIV Open"]
[Site "Cappelle La Grande FRA"]
[Date "2008.02.17"]
[Round "2"]
[White "Strunski,A"]
[Black "Ghane,S"]
[Result "0-1"]
[WhiteElo "2245"]
[BlackElo "2442"]
[EventDate "2008.02.16"]

1. d4 Nf6 2. c4 g6 3. Nc3 Bg7 4. e4 d6 5. Nge2 O-O 6. Ng3 c5 7. d5 e6 8.
Be2 exd5 9. exd5 Re8 10. Bg5 h6 11. Bf4 h5 12. Qd2 h4 13. Nf1 Nh5 14. Bg5
Bf6 15. f4 Bg4 16. O-O-O Bxe2 17. Nxe2 b5 18. g4 Ng7 19. Bxf6 Qxf6 20. Qc3
Qe7 21. Re1 Na6 22. Nd2 Nb4 23. Kb1 bxc4 24. Nc1 Nxd5 25. Qf3 Qb7 26. Nxc4
Rab8 27. Nb3 Rxe1+ 28. Rxe1 Qb4 29. Rc1 Nb6 30. a3 Qa4 31. Nxd6 Nd7 32.
Nxc5 Nxc5 33. Rxc5 Qd4 34. Rc8+ Rxc8 35. Nxc8 Qg1+ 36. Ka2 Qxh2 37. Nd6 Ne6
38. Qa8+ Nf8 39. Ne4 Qxf4 40. g5 Kg7 41. Qc6 Qe5 42. Nd6 Qe6+ 43. Ka1 Kg8
44. Qc7 h3 45. Nb7 Qd7 0-1

[Event "XXIV Open"]
[Site "Cappelle La Grande FRA"]
[Date "2008.02.17"]
[Round "2"]
[White "Cossin,S"]
[Black "Bruned,B"]
[Result "1-0"]
[WhiteElo "2438"]
[BlackElo "2217"]
[EventDate "2008.02.16"]

1. d4 Nf6 2. c4 e6 3. Nc3 Bb4 4. e3 Ne4 5. Qc2 Nxc3 6. bxc3 Ba5 7. Bd3 d6
8. Ne2 h6 9. O-O Nd7 10. e4 e5 11. f4 c5 12. h3 cxd4 13. cxd4 Bb6 14. fxe5
Nxe5 15. Kh1 Nc6 16. Bb2 Qe7 17. Rf3 O-O 18. a3 Bd7 19. Raf1 Rac8 20. Rg3
Bc7 21. Nf4 Qh4 22. Qf2 Bd8 23. Ng6 fxg6 24. Qxf8+ Kh7 25. Rxg6 1-0

[Event "XXIV Open"]
[Site "Cappelle La Grande FRA"]
[Date "2008.02.17"]
[Round "2"]
[White "Van Kampen,R"]
[Black "Zawadzki,S"]
[Result "1/2-1/2"]
[WhiteElo "2243"]
[BlackElo "2436"]
[EventDate "2008.02.16"]

1. e4 c5 2. Nf3 Nc6 3. d4 cxd4 4. Nxd4 Nf6 5. Nc3 d6 6. Bg5 e6 7. Qd2 a6 8.
O-O-O Bd7 9. f3 h6 10. Be3 b5 11. Nxc6 Bxc6 12. Ne2 Qc7 13. Kb1 Bb7 14. g4
Nd7 15. Nd4 d5 16. exd5 Bxd5 17. Bg2 Qb7 18. Rhg1 Nb6 19. Qe2 Nc4 20. Nb3
Nxe3 21. Qxe3 Bb4 22. c3 Bd6 23. Rd2 Rc8 24. f4 Bxg2 25. Rgxg2 Qc7 26. Rgf2
O-O 27. g5 Bc5 28. Nxc5 Qxc5 29. Qg3 h5 30. Rd4 Rfd8 31. Rfd2 Qf5+ 32. Kc1
Rxd4 33. Rxd4 Kh7 34. Kd2 Rc7 35. Qd3 Kg6 36. h3 Re7 37. Rd6 Qxd3+ 38. Kxd3
Kf5 39. Ke3 e5 40. Rd5 Re6 41. Kf3 f6 1/2-1/2

[Event "XXIV Open"]
[Site "Cappelle La Grande FRA"]
[Date "2008.02.17"]
[Round "2"]
[White "Llorente Zaro,A"]
[Black "Baba,M"]
[Result "1/2-1/2"]
[WhiteElo "2435"]
[BlackElo "2213"]
[EventDate "2008.02.16"]

1. c4 e5 2. g3 Nf6 3. Bg2 Nc6 4. Nf3 d5 5. cxd5 Nxd5 6. O-O Be7 7. d3 Be6
8. Nc3 Nb6 9. Be3 O-O 10. Rc1 f5 11. a3 Qe8 12. Bxb6 cxb6 13. Nb5 Qd7 14.
Rxc6 Qxc6 15. Nfd4 Qd7 16. Nxe6 Qxb5 17. Nxf8 Rxf8 18. Qc2 a5 19. Rc1 Bc5
20. Bxb7 f4 21. Bf3 fxg3 22. hxg3 Kh8 23. Kg2 Qd7 24. e3 Qf7 25. Qe2 g6 26.
Be4 Kg7 27. Rc4 Qe7 28. Qc2 Qf6 29. Qd2 Qd8 30. b4 axb4 31. axb4 Bd6 32.
Rc6 b5 33. Qb2 Qe7 34. Rb6 Rb8 35. Rxb8 Bxb8 36. Qc3 Bd6 37. f4 Kh6 38. Qc6
exf4 39. exf4 Bxb4 40. Qxb5 Qc5 41. Qc4 Kg7 42. g4 Qd6 43. Qb5 Bc5 44. Qb7+
Qe7 45. Qb2+ Qf6 46. Qb7+ Qe7 47. Qc8 Bd6 48. Qc3+ Qf6 49. Qxf6+ Kxf6 50.
Kf3 Bc5 51. Bd5 h6 52. Ke4 Ba3 53. Bb3 Bb4 54. Bd1 Ba3 55. Be2 Bb4 56. Bf1
Ba3 57. Bh3 Bb4 58. Kd5 Bd2 59. f5 Kg5 60. Ke5 Bc3+ 61. d4 h5 62. f6 Bxd4+
63. Kxd4 Kxf6 64. gxh5 gxh5 1/2-1/2

[Event "XXIV Open"]
[Site "Cappelle La Grande FRA"]
[Date "2008.02.17"]
[Round "2"]
[White "Dzagnidze,N"]
[Black "Scetinin,A"]
[Result "1-0"]
[WhiteElo "2429"]
[BlackElo "2208"]
[EventDate "2008.02.16"]

1. d4 Nf6 2. c4 c5 3. d5 b5 4. cxb5 a6 5. f3 e6 6. e4 exd5 7. exd5 d6 8.
Nc3 Be7 9. Bd3 O-O 10. Nge2 axb5 11. Bxb5 Ba6 12. O-O Qb6 13. a4 Bxb5 14.
Nxb5 Na6 15. Nec3 Nb4 16. Bg5 Rfe8 17. Qd2 h6 18. Bh4 Nfxd5 19. Nxd5 Nxd5
20. Qxd5 Bxh4 21. Nxd6 Red8 22. Qxf7+ Kh8 23. Ne4 Qxb2 24. a5 Qd4+ 25. Kh1
Rd7 26. Qe6 Qd5 27. Qxd5 Rxd5 28. a6 Be7 29. Rfb1 Rd7 30. Kg1 c4 31. Kf2
Raa7 32. Rb8+ Kh7 33. Rc8 Bd8 34. Rxc4 Bb6+ 35. Ke2 1-0

[Event "XXIV Open"]
[Site "Cappelle La Grande FRA"]
[Date "2008.02.17"]
[Round "2"]
[White "Rogule,L"]
[Black "Recuero Guerra,D"]
[Result "0-1"]
[WhiteElo "2241"]
[BlackElo "2424"]
[EventDate "2008.02.16"]

1. c4 e5 2. Nc3 Nf6 3. g3 Bb4 4. Bg2 O-O 5. e4 Bxc3 6. dxc3 d6 7. Qe2 Nc6
8. Nf3 h6 9. Nd2 Nh7 10. Nf1 f5 11. exf5 Bxf5 12. Ne3 Be6 13. Nd5 Qd7 14.
Be3 Rae8 15. O-O-O b6 16. Qc2 Na5 17. b3 Nf6 18. Nxf6+ Rxf6 19. f4 exf4 20.
Bxf4 Bf5 21. Qd2 Kh7 22. Rhe1 Bg6 23. Rxe8 Qxe8 24. Bd5 Qc8 25. Re1 Nb7 26.
Qd4 Nc5 27. Re7 Qf5 28. Kb2 c6 29. Bxc6 Qc2+ 30. Ka3 Nd3 31. Qxf6 Qb2+ 32.
Ka4 Qxa2+ 0-1

[Event "XXIV Open"]
[Site "Cappelle La Grande FRA"]
[Date "2008.02.17"]
[Round "2"]
[White "Piot,O"]
[Black "Zherebukh,Y"]
[Result "1-0"]
[WhiteElo "2234"]
[BlackElo "2420"]
[EventDate "2008.02.16"]

1. d4 Nf6 2. c4 c5 3. d5 e6 4. Nc3 exd5 5. cxd5 d6 6. Nf3 g6 7. Nd2 Bg7 8.
Nc4 O-O 9. g3 Qe7 10. Bg2 Na6 11. O-O Nc7 12. a4 Ng4 13. e4 Ne5 14. Ne3 f5
15. f4 Nf7 16. Re1 Qf6 17. Kh1 Re8 18. Nc4 Na6 19. e5 Qd8 20. e6 Nh6 21. h3
Nc7 22. Bd2 b6 23. Qb3 Qe7 24. Nb5 Nxb5 25. Qxb5 Bb7 26. a5 bxa5 27. Rxa5
a6 28. Qb3 Rab8 29. Qc2 Bc8 30. Ra4 Bd4 31. Bc3 Bd7 32. exd7 Qxe1+ 33. Bxe1
Rxe1+ 34. Bf1 Rxf1+ 35. Kg2 Rg1+ 36. Kh2 Rf1 37. Rxa6 Rd8 38. Qd3 Rf2+ 39.
Kh1 Rxd7 40. Rxd6 Ra7 41. Na3 Nf7 42. Ra6 Re7 43. Re6 Rxe6 44. dxe6 Nd6 45.
Nb5 Ne4 46. Nxd4 cxd4 47. Qc4 Nxg3+ 48. Kg1 Re2 49. Qc8+ Kg7 50. Qd7+ Kh6
51. e7 1-0

[Event "XXIV Open"]
[Site "Cappelle La Grande FRA"]
[Date "2008.02.17"]
[Round "2"]
[White "Lyell,M"]
[Black "Berkovich,M"]
[Result "0-1"]
[WhiteElo "2221"]
[BlackElo "2413"]
[EventDate "2008.02.16"]

1. e4 e5 2. f4 Nf6 3. fxe5 Nxe4 4. Nf3 Ng5 5. d4 Nxf3+ 6. Qxf3 Qh4+ 7. Qf2
Qxf2+ 8. Kxf2 d6 9. exd6 Bxd6 10. Bd3 O-O 11. Nd2 c6 12. Ne4 Bc7 13. Bd2
Rd8 14. Rae1 Nd7 15. Rhf1 Bb6 16. Be3 Nf8 17. Nc5 Ne6 18. Bc4 Nc7 19. Kg1
Nd5 20. Bg5 f6 21. Bh4 Kf7 22. h3 Bxc5 23. dxc5 Be6 24. Bd3 Nb4 25. Bxh7
Rh8 26. Re4 Nxc2 27. Rf2 Rxh7 28. Rxc2 Bf5 29. Rcc4 Bxe4 30. Rxe4 Rh5 31.
Rb4 Re8 32. Bg3 Rxc5 33. Rxb7+ Re7 34. Rb3 Rc2 35. Kf1 Rd7 36. Be1 Rd1 37.
Rb7+ Ke6 38. Rb8 Kf5 39. a3 Rb1 40. b4 Ra2 41. Re8 Rxa3 42. Ke2 Rb2+ 43.
Bd2 Raa2 44. g4+ Kg6 45. Rd8 Rxb4 46. Kd3 Rb5 0-1

[Event "XXIV Open"]
[Site "Cappelle La Grande FRA"]
[Date "2008.02.17"]
[Round "2"]
[White "Foisor,C"]
[Black "Kilpatrick,C"]
[Result "0-1"]
[WhiteElo "2412"]
[BlackElo "2201"]
[EventDate "2008.02.16"]

1. c4 Nf6 2. Nc3 d5 3. cxd5 Nxd5 4. g3 g6 5. Bg2 Nb6 6. d3 Bg7 7. Be3 Nc6
8. Bxc6+ bxc6 9. Qd2 h5 10. Nf3 Bg4 11. h4 Bxf3 12. exf3 Qd7 13. Rd1 Qf5
14. Qe2 O-O 15. O-O Rfd8 16. Kg2 Rd7 17. Ne4 Rad8 18. Nc5 Rd5 19. b4 Nd7
20. Nxd7 R8xd7 21. Bxa7 Bd4 22. Bxd4 Rxd4 23. Rd2 Rxb4 24. Rc1 Qb5 25. Rc3
e6 26. Rdc2 Rd6 27. Rc4 Rb1 28. R4c3 Rb4 29. Ra3 Rd8 30. Qe3 Rbd4 31. Rcc3
Kg7 32. Rab3 Qd5 33. Qc1 Qf5 34. Qg5 Qxg5 35. hxg5 R8d6 36. f4 Kf8 37. Kf3
Ke7 38. Ke3 Kd7 39. Ra3 Rb4 40. Rcb3 Rb5 41. Kd2 Rdd5 42. Ke3 e5 43. Rxb5
exf4+ 44. Ke4 Rxb5 45. gxf4 Rb2 46. Kf3 c5 47. Ra6 Rb6 48. Ra8 Rd6 49. Ke4
Re6+ 50. Kf3 Rd6 51. Ra3 Rd4 52. Ke3 Rd6 53. Rc3 Ra6 54. Rxc5 Rxa2 55. Rd5+
Ke6 56. Re5+ Kd6 57. Re8 Ra5 58. Ke4 Ra4+ 59. Kf3 Ra5 60. Rh8 Ke7 61. Ke3
Rd5 62. Ra8 Ke6 63. Ke4 Rb5 64. Ra6+ Ke7 65. Ra2 Rb4+ 66. Ke3 Rb5 67. Ra8
Rd5 68. Ra4 Rb5 69. Ke4 Ke6 70. d4 Kd6 71. Ra6+ Ke7 72. Rc6 Kd7 73. d5 Rb6
74. Rc4 c6 75. Rd4 c5 76. Rd1 Kd6 77. f5 Rb4+ 78. Ke3 gxf5 79. f4 Rb3+ 80.
Ke2 h4 81. Kf2 h3 82. Kg1 Rb2 83. Rd3 h2+ 84. Kh1 c4 85. Rc3 Kxd5 86. g6
Rb1+ 87. Kxh2 fxg6 88. Rg3 Rb6 89. Kg2 Kd4 90. Kf2 c3 91. Ke2 Rc6 92. Kd1
c2+ 93. Kc1 Ke4 0-1

[Event "XXIV Open"]
[Site "Cappelle La Grande FRA"]
[Date "2008.02.17"]
[Round "2"]
[White "Hoolt,S"]
[Black "Bobula,M"]
[Result "1-0"]
[WhiteElo "2220"]
[BlackElo "2410"]
[EventDate "2008.02.16"]

1. e4 e6 2. d4 d5 3. Nd2 c5 4. c3 cxd4 5. cxd4 dxe4 6. Nxe4 Bd7 7. Nf3 Bc6
8. Bd3 Nd7 9. O-O Ngf6 10. Qe2 Bxe4 11. Bxe4 Nxe4 12. Qxe4 Qb6 13. Bg5 h6
14. Bh4 g5 15. d5 f5 16. Qa4 Qb4 17. Qd1 e5 18. Re1 Bg7 19. Nxe5 Nxe5 20.
f4 O-O 21. fxe5 Qxh4 22. d6 Qc4 23. e6 Rfe8 24. e7 Bxb2 25. Rb1 Qc5+ 26.
Kh1 Be5 27. d7 Rxe7 28. d8=Q+ Rxd8 29. Qxd8+ Kf7 30. Rbc1 Qb4 31. Rf1 Qh4
32. Rxf5+ Kg6 33. Rxe5 Rxe5 34. Qd6+ Kf5 35. Rf1+ Ke4 36. g3 Qh3 37. Re1+
Kf3 38. Qd3+ Kf2 39. Qd2+ Kf3 40. Qc3+ Kf2 41. Qd2+ Kf3 42. Qd1+ Kf2 43.
Rg1 Re2 44. Qd4+ Re3 45. Qf6+ Ke2 46. Rg2+ Kd3 47. Qg6+ Re4 48. Qd6+ Rd4
49. Qa3+ Ke4 50. Re2+ Kf5 51. Qf8+ Kg4 52. Re1 Qh5 53. Qc8+ Kf3 54. Qc3+
1-0

[Event "XXIV Open"]
[Site "Cappelle La Grande FRA"]
[Date "2008.02.17"]
[Round "2"]
[White "Zude,E"]
[Black "Kienitz,A"]
[Result "0-1"]
[WhiteElo "2409"]
[BlackElo "2193"]
[EventDate "2008.02.16"]

1. d4 Nf6 2. c4 e6 3. g3 Bb4+ 4. Bd2 Qe7 5. Bg2 Nc6 6. Nf3 Bxd2+ 7. Nbxd2
O-O 8. O-O d6 9. e4 e5 10. d5 Nb8 11. h3 a5 12. b3 c6 13. a3 Na6 14. Ne1
cxd5 15. cxd5 Bd7 16. Nc2 a4 17. b4 Bb5 18. Re1 Rfc8 19. Ne3 Rc3 20. h4 Qd8
21. Qb1 Rac8 22. Bh3 Bd7 23. Bxd7 Qxd7 24. Qb2 Qb5 25. Rec1 Qd3 26. Rxc3
Qxc3 27. Qxc3 Rxc3 28. Nec4 Rc2 29. Nxd6 Rxd2 30. Rc1 Kf8 31. b5 Nb4 32. b6
Rc2 33. Rd1 Na2 34. Nxb7 Nc3 35. Rd3 Ncxe4 36. d6 Nd7 37. Na5 Rb2 38. b7
Nec5 39. Rc3 f6 40. f4 exf4 41. gxf4 Nxb7 42. Rc8+ Kf7 43. Nc4 Re2 44. f5
Re8 45. Rc7 Nbc5 46. Kf2 g6 47. Nb6 Rd8 48. Ke3 gxf5 49. Kf4 Ke6 50. Nc4
Rg8 0-1

[Event "XXIV Open"]
[Site "Cappelle La Grande FRA"]
[Date "2008.02.17"]
[Round "2"]
[White "Pitl,G"]
[Black "Mandon,F"]
[Result "1/2-1/2"]
[WhiteElo "2405"]
[BlackElo "2186"]
[EventDate "2008.02.16"]

1. e4 c5 2. Nf3 Nc6 3. d4 cxd4 4. Nxd4 Nf6 5. Nc3 e5 6. Ndb5 d6 7. Nd5 Nxd5
8. exd5 Nb8 9. c4 Be7 10. Be2 O-O 11. O-O a6 12. Nc3 f5 13. Kh1 Bf6 14. f3
Bg5 15. a3 Nd7 16. b4 Kh8 17. Qc2 Rb8 18. Bd3 g6 19. a4 Bxc1 20. Raxc1 a5
21. Nb5 axb4 22. Nxd6 Nc5 23. Nb5 Ra8 24. Ra1 Bd7 25. Rfd1 Kg8 26. Be2 Bxb5
27. cxb5 Qd6 28. a5 Rfc8 29. Qb2 Nd7 30. a6 bxa6 31. bxa6 Nb6 32. Rab1 Na4
33. Qd2 Nc3 34. h3 Nxd1 35. Qxd1 Kg7 36. Qb3 Rcb8 37. Rc1 Rb6 38. Bc4 Raxa6
39. Bxa6 Rxa6 40. Rb1 Ra5 41. Qxb4 Rxd5 42. Qxd6 Rxd6 43. Rb7+ Kf6 44. Rxh7
1/2-1/2

[Event "XXIV Open"]
[Site "Cappelle La Grande FRA"]
[Date "2008.02.17"]
[Round "2"]
[White "Van Hoolandt,P"]
[Black "Petrosian,S"]
[Result "1/2-1/2"]
[WhiteElo "2216"]
[BlackElo "2404"]
[EventDate "2008.02.16"]

1. d4 Nf6 2. c4 g6 3. Nc3 d5 4. cxd5 Nxd5 5. Bd2 Bg7 6. e4 Nb6 7. Be3 O-O
8. Bb5 Bd7 9. Be2 Nc6 10. Nf3 Bg4 11. d5 Bxf3 12. gxf3 Na5 13. Bd4 Qd6 14.
Bxg7 Kxg7 15. Qd2 Qf6 16. b3 c6 17. O-O cxd5 18. exd5 Rfd8 19. Ne4 Rxd5 20.
Qxd5 Nxd5 21. Nxf6 Kxf6 22. Rfc1 Nc6 23. Ba6 Nd8 24. Bf1 Rb8 25. Rc5 e6 26.
Rd1 Nc6 27. Be2 g5 28. a3 Ne5 29. Rd4 b6 30. Rc1 a5 31. Kf1 Rg8 32. Bd1 Rb8
33. Be2 Rg8 34. Bd1 1/2-1/2

[Event "XXIV Open"]
[Site "Cappelle La Grande FRA"]
[Date "2008.02.17"]
[Round "2"]
[White "Baron,Ta"]
[Black "Payen,Ar"]
[Result "1-0"]
[WhiteElo "2213"]
[BlackElo "2403"]
[EventDate "2008.02.16"]

1. e4 e5 2. Nf3 Nc6 3. Bb5 a6 4. Ba4 Nf6 5. O-O Be7 6. Re1 b5 7. Bb3 d6 8.
c3 O-O 9. h3 Nd7 10. d4 Nb6 11. Nbd2 Bf6 12. Nf1 Re8 13. Ng3 g6 14. Bc2 Bd7
15. b3 d5 16. dxe5 Nxe5 17. Bf4 Bc6 18. Bxe5 Bxe5 19. Nxe5 Rxe5 20. f4 Re8
21. e5 Qh4 22. Qf3 Rad8 23. f5 Ba8 24. e6 fxe6 25. fxg6 hxg6 26. Bxg6 Rf8
27. Qe3 Rf6 28. Bc2 d4 29. Qe5 d3 30. Bd1 Rg6 31. Bg4 Rd6 32. Nf5 exf5 33.
Qe8+ Kg7 34. Re7+ Kh6 35. Qf8+ Kg5 36. Qxf5+ Kh6 37. Qf8+ Kg5 38. Re5+ 1-0

[Event "XXIV Open"]
[Site "Cappelle La Grande FRA"]
[Date "2008.02.17"]
[Round "2"]
[White "Kozak,Ma"]
[Black "Foisor,O"]
[Result "0-1"]
[WhiteElo "2201"]
[BlackElo "2401"]
[EventDate "2008.02.16"]

1. d4 g6 2. Nf3 Bg7 3. g3 c5 4. Bg2 cxd4 5. Nxd4 Nc6 6. c3 Nf6 7. e4 O-O 8.
O-O d5 9. exd5 Nxd5 10. Nb3 e6 11. Qe2 b6 12. Rd1 Qe7 13. Bxd5 exd5 14.
Qxe7 Nxe7 15. Bg5 Re8 16. Na3 Bg4 17. Rd2 f6 18. Bf4 g5 19. Be3 Nf5 20. Nc2
Rad8 21. Kg2 Nd6 22. Na3 Bc8 23. Nd4 Bf8 24. Rdd1 Nc4 25. Nxc4 dxc4 26. a4
a6 27. Re1 Bb7+ 28. f3 g4 29. Kf2 gxf3 30. Nxf3 Rd3 31. Nd4 Bc5 32. Re2 Kf7
33. Rae1 Bc8 34. Rh1 Bg4 35. Ree1 Bxd4 36. cxd4 Rb3 37. Bc1 Rd8 38. Re4 Bf3
0-1

[Event "XXIV Open"]
[Site "Cappelle La Grande FRA"]
[Date "2008.02.17"]
[Round "2"]
[White "Marholev,D"]
[Black "Skinke,K"]
[Result "1-0"]
[WhiteElo "2401"]
[BlackElo "2180"]
[EventDate "2008.02.16"]

1. e4 d6 2. d4 Nf6 3. Nc3 g6 4. Be2 Bg7 5. h4 c5 6. dxc5 Qa5 7. Kf1 Qxc5 8.
h5 O-O 9. hxg6 hxg6 10. Be3 Qb4 11. Rb1 Be6 12. a3 Qa5 13. Qd2 Re8 14. Bh6
Bh8 15. Nf3 Ng4 16. Nd4 Qc5 17. Bxg4 Bxg4 18. Be3 Nc6 19. Nxc6 Qxc6 20. f3
Be6 21. Rxh8+ Kxh8 22. Bd4+ Kg8 23. Qh6 Qc4+ 24. Ne2 f6 25. Qxg6+ Kf8 26.
Be3 1-0

[Event "XXIV Open"]
[Site "Cappelle La Grande FRA"]
[Date "2008.02.17"]
[Round "2"]
[White "Plachetka,J"]
[Black "Bok,B"]
[Result "1/2-1/2"]
[WhiteElo "2400"]
[BlackElo "2179"]
[EventDate "2008.02.16"]

1. e4 e5 2. Nf3 Nc6 3. Bb5 a6 4. Ba4 Nf6 5. O-O Be7 6. Bxc6 dxc6 7. d3 Nd7
8. Nbd2 O-O 9. Nc4 f6 10. Nh4 Nc5 11. Nf5 Bxf5 12. exf5 Qd7 13. Qf3 Rfe8
14. Nd2 Qd5 15. Qg4 Bf8 16. Re1 Rad8 17. Ne4 Nxe4 18. Rxe4 Qb5 19. a4 Qb6
20. b3 Rd4 21. Be3 Rxe4 22. dxe4 Qb4 23. h3 Rd8 24. Kh2 Rd6 25. Rf1 Qc3 26.
Qe2 Qb4 27. Qc4+ Qxc4 28. bxc4 c5 29. Rb1 Rb6 30. Rxb6 cxb6 31. f4 Be7 32.
g4 g5 33. fxg6 hxg6 34. h4 Kf7 35. Kg3 Bd8 36. g5 fxg5 37. hxg5 Ke6 38. Kf3
exf4 39. Bxf4 Kd7 40. Kg4 Ke6 41. Bb8 Kd7 42. Kf4 Be7 43. e5 Bd8 44. Bd6
Ke6 45. Bb8 Kd7 46. Bd6 Ke6 47. Kg4 Kd7 48. Bf8 Ke6 49. Bg7 Bc7 50. Kf4 Bb8
51. Ke4 Bc7 52. Bf6 Bb8 53. Bg7 1/2-1/2

[Event "XXIV Open"]
[Site "Cappelle La Grande FRA"]
[Date "2008.02.17"]
[Round "2"]
[White "Nilsson,S"]
[Black "Zeberski,J"]
[Result "0-1"]
[WhiteElo "2201"]
[BlackElo "2398"]
[EventDate "2008.02.16"]

1. e4 c5 2. Nf3 e6 3. d4 cxd4 4. Nxd4 a6 5. Bd3 Nf6 6. O-O Qc7 7. Qe2 d6 8.
c4 g6 9. Nc3 Bg7 10. Rd1 O-O 11. Nf3 Nc6 12. h3 b6 13. Bf4 Nd7 14. Rac1
Nde5 15. b3 Bb7 16. Bb1 Nxf3+ 17. Qxf3 Ne5 18. Qe3 Rab8 19. Na4 Bc6 20. Nb2
a5 21. Nd3 Rfd8 22. Qe2 Qb7 23. f3 Nxd3 24. Rxd3 d5 25. Qd2 Rd7 26. exd5
exd5 27. cxd5 Bb5 28. d6 Bxd3 29. Bxd3 Qd5 30. Re1 Qc5+ 31. Kf1 Bc3 32. Qc2
Bxe1 33. Qxc5 bxc5 34. Kxe1 Rbd8 35. Kd2 Rxd6 36. Bxd6 Rxd6 37. Kc3 Kg7 38.
f4 Rd4 39. g3 Kf6 40. h4 Ke7 41. a3 Rd7 42. Kc4 Kd6 43. Be4 Re7 44. Bd5 f6
45. Bg8 Kc6 46. Bd5+ Kb6 47. Bg8 h6 48. Kd5 Re3 49. g4 Rxb3 50. Ke6 Rg3 0-1

[Event "XXIV Open"]
[Site "Cappelle La Grande FRA"]
[Date "2008.02.17"]
[Round "2"]
[White "Martinez Martin,D"]
[Black "Mader,Ma"]
[Result "1-0"]
[WhiteElo "2395"]
[BlackElo "2158"]
[EventDate "2008.02.16"]

1. d4 Nf6 2. c4 g6 3. Nc3 Bg7 4. e4 d6 5. f3 O-O 6. Nge2 c5 7. d5 e6 8. Ng3
exd5 9. cxd5 a6 10. a4 Nbd7 11. Be2 h5 12. O-O Ne8 13. Be3 Rb8 14. Qd2 Nc7
15. f4 b5 16. e5 dxe5 17. f5 h4 18. d6 Ne8 19. fxg6 hxg3 20. gxf7+ Rxf7 21.
Rxf7 gxh2+ 22. Kh1 Ndf6 23. Re7 Qxd6 24. Qxd6 Nxd6 25. Rd1 Nf5 26. Rd8+ Bf8
27. Bxc5 Nxe7 28. Bxe7 Nh7 29. axb5 axb5 30. Bxf8 Nxf8 31. Bg4 b4 32. Nd5
Bxg4 33. Rxb8 Kf7 34. Rxb4 Bf5 35. Kxh2 Ne6 36. Rb7+ Kg6 37. Ne7+ Kg5 38.
Nxf5 Kxf5 39. Kg3 1-0

[Event "XXIV Open"]
[Site "Cappelle La Grande FRA"]
[Date "2008.02.17"]
[Round "2"]
[White "Karlovich,A"]
[Black "Aloma Vidal,R"]
[Result "1-0"]
[WhiteElo "2198"]
[BlackElo "2393"]
[EventDate "2008.02.16"]

1. e4 Nf6 2. e5 Nd5 3. d4 d6 4. c4 Nb6 5. exd6 cxd6 6. Nc3 g6 7. Be3 Bg7 8.
Be2 O-O 9. h3 d5 10. c5 Nc4 11. Bc1 Nc6 12. Nf3 b6 13. cxb6 axb6 14. O-O
Bf5 15. b3 N4a5 16. Be3 Nb7 17. Nh4 Be4 18. Rc1 e5 19. Nxe4 dxe4 20. dxe5
Nxe5 21. Qxd8 Rfxd8 22. a4 Nd3 23. Rc6 b5 24. axb5 Nd6 25. b6 Nb4 26. Rxd6
Rxd6 27. Bc5 Rd2 28. Bxb4 Rxe2 29. Bd6 Rb2 30. b7 Rd8 31. Bc7 Re8 32. b8=Q
Rxb8 33. Bxb8 Bd4 34. g3 Rxb3 35. Bf4 Bb6 36. Ng2 f6 37. Be3 Bc7 38. Rc1
Be5 39. Rc4 f5 40. Rc5 Bd6 41. Rd5 Bc7 42. h4 Ra3 43. h5 Ra6 44. Bd4 Bd6
45. Rb5 Ra4 46. Be3 Ra1+ 47. Kh2 Rd1 48. Nh4 Kf7 49. Rb7+ Kf6 50. Rxh7 f4
51. gxf4 g5 52. Rh6+ Kf7 53. Rxd6 1-0

[Event "XXIV Open"]
[Site "Cappelle La Grande FRA"]
[Date "2008.02.17"]
[Round "2"]
[White "Czerwonski,A"]
[Black "Klim,K"]
[Result "1-0"]
[WhiteElo "2388"]
[BlackElo "2154"]
[EventDate "2008.02.16"]

1. d4 Nf6 2. Nf3 c5 3. d5 b5 4. Bg5 Ne4 5. Bf4 Bb7 6. Qd3 Nf6 7. e4 e6 8.
Qxb5 Ba6 9. Qa4 Bxf1 10. Kxf1 Qb6 11. Nbd2 a6 12. c4 exd5 13. exd5 Bd6 14.
Re1+ Kf8 15. Qb3 Qc7 16. Bxd6+ Qxd6 17. Qb7 g6 18. Qxa8 Qb6 19. Re3 1-0

[Event "XXIV Open"]
[Site "Cappelle La Grande FRA"]
[Date "2008.02.17"]
[Round "2"]
[White "Mashinskaya,I"]
[Black "De Verdier,M"]
[Result "0-1"]
[WhiteElo "2370"]
[BlackElo "2147"]
[EventDate "2008.02.16"]

1. d4 Nf6 2. Nc3 d5 3. Bg5 Nbd7 4. e3 e6 5. Bd3 c5 6. Nf3 Qb6 7. dxc5 Nxc5
8. Bxf6 gxf6 9. O-O Bd7 10. a4 a6 11. Qd2 Bg7 12. a5 Qb4 13. e4 dxe4 14.
Nxe4 Qxd2 15. Nfxd2 Nxd3 16. cxd3 Bc6 17. Nc4 f5 18. Ned6+ Kf8 19. Ra3 Rd8
20. Rb3 Rd7 21. Nc8 Bd4 22. N8b6 Rd8 23. Re1 Rg8 24. g3 f4 25. Kf1 fxg3 26.
hxg3 Rg5 27. Ke2 Rf5 28. Ne3 Rxa5 29. Nbc4 Rb5 30. Rxb5 axb5 31. Na5 Bxb2
32. Rb1 Bd4 33. Rc1 Rc8 34. g4 Bf3+ 0-1

[Event "XXIV Open"]
[Site "Cappelle La Grande FRA"]
[Date "2008.02.17"]
[Round "2"]
[White "Salomon,D"]
[Black "Gheng,J"]
[Result "1/2-1/2"]
[WhiteElo "2108"]
[BlackElo "2310"]
[EventDate "2008.02.16"]

1. e4 c5 2. Nf3 d6 3. d4 cxd4 4. Nxd4 Nf6 5. Nc3 g6 6. f3 Bg7 7. Be3 O-O 8.
Qd2 Nc6 9. Bc4 Bd7 10. g4 Ne5 11. Bb3 Rc8 12. h4 Rxc3 13. bxc3 Nxf3+ 14.
Nxf3 Nxe4 15. Qd3 Bxc3+ 16. Nd2 Bxa1 17. Nxe4 Bxg4 18. Bh6 Bg7 19. Bxg7
Kxg7 20. Qd4+ f6 21. Nd2 Qd7 22. Qxa7 Rc8 23. Qe3 Rc5 24. Nc4 b5 25. Nb6
Qb7 26. Nd5 Rxd5 27. Bxd5 Qxd5 28. Qxe7+ Kh6 29. O-O Qd4+ 30. Rf2 Bf5 31.
Qe2 Qc5 32. Qd2+ Kg7 33. Qf4 h5 34. Qd2 d5 35. Qa5 Bxc2 36. Qa6 Bf5 37.
Qb7+ Kf8 38. Qb8+ Ke7 39. Qg8 Qc1+ 40. Kh2 Qc7+ 41. Kg1 Qg3+ 42. Rg2 Qe1+
43. Kh2 Qxh4+ 44. Kg1 Qe1+ 45. Kh2 Qe5+ 46. Kg1 Be4 47. Qg7+ Ke8 48. Re2 d4
49. Qg8+ Kd7 50. Qf7+ Kc6 51. Qa7 Qg3+ 52. Kf1 Bd3 53. Qa8+ Kb6 54. Qd8+
Kb7 55. Qd5+ Kc7 56. Qc5+ Kb7 57. Qd5+ Ka6 58. Qa8+ Kb6 59. Qd8+ Kc5 60.
Qc8+ Kb6 61. Qd8+ 1/2-1/2

[Event "XXIV Open"]
[Site "Cappelle La Grande FRA"]
[Date "2008.02.18"]
[Round "3"]
[White "Arutinian,D"]
[Black "Ulibin,M"]
[Result "1/2-1/2"]
[WhiteElo "2576"]
[BlackElo "2518"]
[EventDate "2008.02.16"]

1. Nf3 e6 2. c4 c5 3. g3 b6 4. Bg2 Bb7 5. O-O Nf6 6. Nc3 Be7 7. d4 cxd4 8.
Qxd4 d6 9. Rd1 a6 10. Ng5 Bxg2 11. Kxg2 Nc6 12. Qf4 Ra7 13. Nce4 Rd7 14.
Nxf6+ Bxf6 15. Nxh7 Rxh7 16. Qe4 Rh5 17. Qxc6 Rc5 18. Qa4 Qa8+ 19. Kg1 Qc6
20. Qa3 1/2-1/2

[Event "XXIV Open"]
[Site "Cappelle La Grande FRA"]
[Date "2008.02.18"]
[Round "3"]
[White "Timoshenko,G"]
[Black "Papin,V"]
[Result "1/2-1/2"]
[WhiteElo "2560"]
[BlackElo "2475"]
[EventDate "2008.02.16"]

1. e4 c6 2. d4 d5 3. e5 Bf5 4. Nf3 e6 5. Be2 Nd7 6. O-O Ne7 7. Be3 h6 8. b3
Bh7 9. c4 Nf5 10. Bc1 g5 11. Nc3 a6 12. h3 Be7 13. g4 Ng7 14. a3 O-O 15.
Be3 f5 16. exf6 Rxf6 17. h4 gxh4 18. Nxh4 Rf8 19. Ng2 h5 20. gxh5 Bd6 21.
Qd2 Kh8 22. c5 Bc7 23. Bg5 Qe8 24. h6 Nf5 25. f4 Nf6 26. Rf3 Bd8 27. Rh3
Ng8 28. Ne3 Bf6 29. Nxf5 Bxf5 30. Rh2 Ne7 31. Re1 Bh7 32. Bg4 Nf5 33. Rg2
Bxd4+ 34. Kh2 Bf6 35. Rge2 Bxg5 36. fxg5 Qb8+ 37. Re5 Rg8 38. Qf4 Rf8 39.
Qd2 Rg8 40. Qf4 Rf8 41. Qd2 1/2-1/2

[Event "XXIV Open"]
[Site "Cappelle La Grande FRA"]
[Date "2008.02.18"]
[Round "3"]
[White "Chernyshov,K"]
[Black "Reinaldo Castineira,R"]
[Result "1-0"]
[WhiteElo "2543"]
[BlackElo "2473"]
[EventDate "2008.02.16"]

1. d4 e6 2. c4 c5 3. d5 exd5 4. cxd5 d6 5. Nc3 g6 6. Nf3 a6 7. a4 Bg7 8.
Nd2 Nd7 9. Nc4 Ne5 10. Nxe5 Bxe5 11. g3 Ne7 12. Bg2 O-O 13. O-O Rb8 14. Bg5
b5 15. axb5 axb5 16. Qd2 b4 17. Ne4 f5 18. Ra7 Rf7 19. f4 Bg7 20. Nxc5 dxc5
21. d6 Bd4+ 22. e3 Qxd6 23. exd4 Bd7 24. d5 c4 25. Rc1 Nc6 26. Raa1 Qc5+
27. Qf2 Nd4 28. Rd1 Nb3 29. Qxc5 Nxc5 30. d6 Ne4 31. Be7 c3 32. bxc3 bxc3
33. Rdc1 Rc8 34. Ra3 c2 35. Bf1 Nd2 36. Bd3 Nf3+ 37. Kf2 Nd4 38. Ke3 Nb5
39. Ra5 Rc5 40. Bxb5 Bxb5 41. Kd4 Rc4+ 42. Kd5 Rb4 43. Rxc2 Rb1 44. Rc7 Bf1
45. Ke6 Re1+ 46. Re5 Rd1 47. d7 1-0